Fill the Homer Simpson Quotes- Extreme - Statistics

General Stats
  • This quiz has been taken 39 times
  • The average score is 13 of 22
Answer Stats
Quote Answer % Correct
_____ are meaningless. You can use _____ to prove anything that’s even remotely true facts
83%
_ __ so smart! I am so smart! S-M-R-T … I mean S-M-A-R-T i am
83%
Why do my _______ have consequences actions
80%
To ______! The cause of … and solution to … all of life’s problems alcohol
80%
For once, maybe someone will call me ‘___’ without adding, ‘you’re making a scene' sir
80%
Oh, I have three ____ and no money. Why can’t I have no ____ and three money kids
77%
Forty _______? But I want it now seconds
74%
Don’t eat me. I have a wife and kids. ___ ____ eat them
71%
Lisa, if you don’t like your job you don’t strike. You just go in every day and do it really half-assed. That’s the ________ way american
69%
You tried your best and you failed miserably. The lesson is: _____ ___ never try
69%
Simpson! Homer Simpson! He’s the greatest guy in his-tor-y … from the town of Springfield! He’s about to hit a ________ ____ chestnut tree
66%
I’m not normally a _______ man, but if you’re up there, please save me, Superman praying
66%
I’ve learned that life is one crushing defeat after another until you just wish ________ ___ ____ Flanders was dead
60%
If he’s so smart, how come he’s _____ dead
57%
All my life, I’ve had one dream: to achieve my many _____ goals
54%
What’s the point of _____ ___? We’re just going to wind up back here, anyway going out
54%
“That’s it! You people have stood in my way long enough. I’m going to _____ _______ clown college
49%
If ‘The Flintstones’ has taught us anything, it’s that ________ can be used to mix cement pelicans
46%
Weaseling out of things is _________ to learn; it’s what separates us from the animals … except the weasel important
40%
It takes two to ___ – one to ___ and one to listen lie
31%
You couldn’t ____ your mother on the ____ingest day of your life, if you had an electrified ____ing machine fool
26%
A boy without mischief is like a _______ ____ without a liquid center bowling ball
14%
No matching quizzes found
Score Distribution
Percent of People with Each Score
Percentile by Number Answered
Your Score History
You have not taken this quiz